English Football Top League 100 Goals Club - Statistics

General Stats
  • This quiz has been taken 51 times
    10 since last reset
  • The average score is 61 of 256
Answer Stats
Goals Clubs Answer % Correct
283 Southampton / Blackburn / Newcastle Alan Shearer
100%
177 West Ham / Chelsea / Man City Frank Lampard
100%
232 Liverpool / Leeds Ian Rush
100%
145 Leicester Jamie Vardy
100%
162 West Ham / Tottenham / Portsmouth / Sunderland / Bournemouth Jermain Defoe
100%
121 Chelsea / West Brom / Everton / Man United Romelu Lukaku
100%
120 Liverpool Steven Gerrard
100%
208 Everton / Man United Wayne Rooney
100%
187 Newcastle / Man United / Blackburn / Fulham / Man City / Portsmouth Andrew Cole
75%
106 Ipswich / Charlton / Tottenham / Sunderland / Aston Villa / Fulham Darren Bent
75%
104 Chelsea Didier Drogba
75%
145 Leicester / Everton / Tottenham Gary Lineker
75%
213 Tottenham Harry Kane
75%
150 Liverpool / Newcastle / Man United / Stoke Michael Owen
75%
193 Chelsea / Liverpool Mohamed Salah
75%
125 Arsenal / Liverpool / Man City / Bolton / Chelsea / West Brom Nicolas Anelka
75%
107 Man United Paul Scholes
75%
123 Liverpool / Man City / Chelsea Raheem Sterling
75%
144 Arsenal / Man United Robin Van Persie
75%
112 Southampton / Liverpool Sadio Mane
75%
184 Man City Sergio Aguero
75%
127 Tottenham Son Heung-min
75%
175 Arsenal Thierry Henry
75%
146 Leicester / Arsenal Alan Smith
50%
201 Sheffield Wednesday Andrew Wilson
50%
100 Huddersfield Billy Smith
50%
214 Aston Villa Billy Walker
50%
199 Man United Bobby Charlton
50%
199 Tottenham / Chelsea Bobby Smith
50%
136 Tottenham Cliff Jones
50%
113 Crystal Palace / QPR / Tottenham / Man City / Chelsea / West Ham Clive Allen
50%
103 Man United Cristiano Ronaldo
50%
255 Bolton / Arsenal David Jack
50%
105 Ipswich / Liverpool / Everton David Johnson
50%
115 Oxford / Derby / Liverpool /Aston Villa / Nottingham Forest /Bradford City Dean Saunders
50%
201 Man City / Man United Denis Law
50%
310 Everton Dixie Dean
50%
136 Aston Villa / Man United / Blackburn / Birmingham / Sunderland Dwight Yorke
50%
111 Leicester / Liverpool / Birmingham / Wigan / Aston Villa Emile Heskey
50%
112* Man City Erling Haaland
50%
211 West Ham / Stoke Geoff Hurst
50%
137 Man United George Best
50%
139 Everton / Oldham Graeme Sharp
50%
201 Sheffield United Harry Johnson
50%
165 Derby / Man City / Preston Horace Barnes
50%
165 Crystal Palace / Arsenal / West Ham Ian Wright
50%
110 Sheffield Wednesday / Newcastle Jack Allen
50%
128 Leeds / Chelsea / Middlesbrough / Charlton Jimmy Floyd Hasselbaink
50%
357 Chelsea / Tottenham / West Ham Jimmy Greaves
50%
102 Everton / Birmingham Jimmy Harris
50%
100 Sheffield Wednesday / Newcastle Jimmy Stewart
50%
243 Bolton Joe Smith
50%
140 Watford / Liverpool / Newcastle John Barnes
50%
107 Wimbledon / Aston Villa John Fashanu
50%
133 Sunderland Johnny Campbell
50%
101 Bolton / Bury John Smith
50%
118 Liverpool Kenny Dalglish
50%
106 Arsenal / Nottingham Forest / Everton / West Brom Kevin Campbell
50%
179 Stoke / Arsenal / Sunderland / Sheffield Wednesday / Nottingham Forest / Leeds / West Ham / Ipswich Lee Chapman
50%
136 Newcastle Len White
50%
169 QPR / Newcastle / Tottenham / West Ham / Leicester / Bolton Les Ferdinand
50%
148 Man United / Chelsea /Southampton / Everton / Blackburn Mark Hughes
50%
140 Sheffield United / Leeds Mick Jones
50%
108 Arsenal / Man City / Sunderland Niall Quinn
50%
108 Aston Villa / Southampton / Liverpool / Portsmouth /Tottenham / Stoke Peter Crouch
50%
193 Portsmouth Peter Harris
50%
162 Liverpool / Leeds / Man City / Blackburn Robbie Fowler
50%
126 Coventry / Leeds / Tottenham / Liverpool / West Ham / Aston Villa Robbie Keane
50%
101 Southampton / Leeds / Bolton Rod Wallace
50%
168 Liverpool Roger Hunt
50%
206 West Brom Ronnie Allen
50%
114 Man United Ryan Giggs
50%
180 Millwall / Nottingham Forest / Tottenham / Man United / Portsmouth / West Ham Teddy Sheringham
50%
164 Man City / Everton / Liverpool Tommy Johnson
50%
112 Man United Tommy Taylor
50%
214 West Ham / Everton / Leicester Tony Cottee
50%
112 Blackpool / Luton Alan Brown
25%
115 Sheffield United / Sunderland Arthur Brown
25%
204 Leicester Arthur Chandler
25%
208 Sunderland Bobby Gurney
25%
168 Birmingham / Everton / Swansea / Coventry Bob Latchford
25%
110 West Brom / Man United Bryan Robson
25%
258 Sunderland / Arsenal Charlie Buchan
25%
143 West Brom / Coventry / Aston Villa Cyrille Regis
25%
111 Middlesbrough / Southampton David Armstrong
25%
101 Norwich / Coventry / West Ham / Man City / West Brom David Cross
25%
222 Arsenal / Man United / Stoke David Herd
25%
110 Bolton / Everton Dennis Stevens
25%
111 Man United / Coventry / Aston Villa Dion Dublin
25%
129 Portsmouth Doug Reid
25%
145 Man City Eric Brook
25%
163 Bolton / Man City / Derby Francis Lee
25%
163 Bolton / Man City Frank Roberts
25%
136 Arsenal / Man United / Derby Frank Stapleton
25%
150 Huddersfield / Leicester / Bolton / Birmingham / Leeds /Sunderland / Southampton Frank Worthington
25%
240 Huddersfield / Aston Villa / Burnley / Leeds George Brown
25%
235 Middlesbrough George Camsell
25%
102 Chelsea George Mills
25%
177 West Brom Ginger Richardson
25%
102 Luton Gordon Turner
25%
247 Newcastle / Chelsea / Derby / Grimsby Hughie Gallacher
25%
116 Nottingham Forest / Man United Ian Storey-Moore
25%
136 West Brom Jeff Astle
25%
126 Burnley / Stoke Jimmy McIlroy
25%
158 Wolves / Man City Jimmy Murray
25%
127 Preston / Liverpool / Burnley / Man City Jimmy Ross
25%
117 West Ham Jimmy Ruffell
25%
150 Everton / Man City / Bristol City / Norwich Joe Royle
25%
131 Aston Villa Johnny Dixon
25%
102 Portsmouth / Birmingham Johnny Gordon
25%
129 Wolves John Richards
25%
135 Ipswich / Liverpool John Wark
25%
106 Liverpool / Southampton Kevin Keegan
25%
115 Cardiff Len Davies
25%
137 Newcastle / Arsenal Malcolm McDonald
25%
109 Tottenham / Watford / QPR Mark Falco
25%
149 Southampton / Tottenham / Norwich Martin Chivers
25%
169 West Ham /Tottenham / Norwich Martin Peters
25%
161 Southampton Matthew Le Tissier
25%
166 Man City / Southampton / Norwich Mick Channon
25%
123 Birmingham / Derby / Chelsea / Coventry / Luton / Wimbledon Mick Harford
25%
255 Bolton Nat Lofthouse
25%
111 Nottingham Forest / Liverpool / Man City Nigel Clough
25%
114 Ipswich / Arsenal / Portsmouth Paul Mariner
25%
151 Leeds Peter Lorimer
25%
106 Chelsea / Southampton Peter Osgood
25%
165 Newcastle / West Ham / Sunderland Pop Robson
25%
134 Southampton Ron Davies
25%
102 Derby Sammy Crooks
25%
114 Everton / Tottenham / Man City Sandy Young
25%
100 Preston / Everton / West Brom / Birmingham / Cardiff Stan Davies
25%
125 Man United Stan Pearson
25%
309 Derby / Middlesbrough Steve Bloomer
25%
100 Newcastle Tommy McDonald
25%
145 Preston / Burnley Tommy Roberts
25%
177 West Brom Tony Brown
25%
144 Birmingham / Nottingham Forest /Man City / QPR /Sheffield Wednesday Trevor Francis
25%
200 West Ham Vic Watson
25%
159 Blackpool / Everton / Arsenal / Southampton Alan Ball
0%
103 Derby / Wolves / Nottingham Forest Alan Hinton
0%
153 Bolton / Newcastle / Bradford City Albert Shepherd
0%
117 Sheffield United / Sunderland / Middlesbrough /Arsenal / Preston Alf Common
0%
167 Fulham / Leicester / Leeds Allan Clarke
0%
102 Aston Villa / Wolves / Everton Andy Gray
0%
107 Burnley / Leicester Andy Lochhead
0%
109 Sunderland Arthur Bridgett
0%
115 Leicester / Man United Arthur Lochhead
0%
123 Everton / Burnley / Arsenal Bertie Freeman
0%
120 Blackpool Bill Perry
0%
126 Sheffield United Billy Gillespie
0%
175 Bury / Newcastle / Bradford City / Oldham Billy Hibbert
0%
109 Stoke / Bristol City / Sunderland Billy Maxwell
0%
133 Sunderland / Man City Bobby Marshall
0%
142 Chelsea / Crystal Palace Bobby Tambling
0%
140 Burnley / Sunderland / Huddersfield / Preston Bob Kelly
0%
138 Man United / Arsenal / Man City / Everton Brian Kidd
0%
106 Charlton / Portsmouth Charles Vaughan
0%
128 Aston Villa / Huddersfield Clem Stephenson
0%
150 Arsenal Cliff Bastin
0%
113 Man City Colin Bell
0%
138 Aston Villa / Derby / Blackpool Dai Astley
0%
207 Sunderland / Arsenal / Man City Dave Halliday
0%
101 Brentford / Derby Dave McCulloch
0%
153 Preston / Sheffield Wednesday / Bradford Park Avenue David McLean
0%
190 Man United / Stoke Dennis Viollet
0%
117 Wolves / Man City Dennis Westcott
0%
106 Wolves Dennis Wilshaw
0%
175 Portsmouth / Blackburn /Aston Villa / Leicester / Wolves Derek Dougan
0%
157 West Brom Derek Kevan
0%
125 Liverpool / Everton Dick Forshaw
0%
126 Arsenal Doug Lishman
0%
115 Everton / Burnley / Liverpool Edgar Chadwick
0%
116 Sheffield Wednesday Ellis Rimmer
0%
151 Nottingham Forest / Man United Enoch West
0%
136 Aston Villa Eric Houghton
0%
153 Leicester / Huddersfield Ernie Hine
0%
139 Stoke Freddie Steele
0%
112 West Brom Fred Morris
0%
122 Blackburn / Everton / Blackpool Fred Pickering
0%
110 Man City Fred Tilson
0%
131 Sheffield United Fred Tunstall
0%
141 Burnley George Beel
0%
200 Middlesbrough George Elliott
0%
148 Sunderland George Holley
0%
287 Liverpool / Aston Villa / Leeds Gordon Hodgson
0%
107 Fulham Graham Leggat
0%
153 Nottingham Forest Grenville Morris
0%
120 Bolton / Middlesbrough Harold Blackmore
0%
133 Derby / Newcastle / Sunderland Harry Bedford
0%
104 Sheffield Wednesday / Chelsea Harry Burgess
0%
123 Stoke / Aston Villa Harry Burrows
0%
137 Liverpool Harry Chambers
0%
219 Aston Villa / Birmingham Harry Hampton
0%
109 Wolves Harry Wood
0%
102 Sheffield Wednesday / Man United / Huddersfield Jack Ball
0%
186 Derby / Leicester Jack Bowers
0%
128 Blackburn / Burnley Jack Bruton
0%
168 Aston Villa Jack Devey
0%
109 Portsmouth / Wolves / Arsenal / Fulham Jackie Henderson
0%
150 Newcastle Jackie Milburn
0%
146 Blackpool / Stoke Jackie Mudie
0%
104 Liverpool Jack Parkinson
0%
173 Man United Jack Rowley
0%
133 Blackburn / Everton Jack Southworth
0%
100 Derby Jack Stamps
0%
171 Portsmouth Jack Weddle
0%
110 Huddersfield Jim Glazzard
0%
124 Arsenal Jimmy Brain
0%
143 Aston Villa / Notts County / Tottenham Jimmy Cantrell
0%
153 Sheffield United / Arsenal Jimmy Dunne
0%
102 Portsmouth Jimmy Easson
0%
104 Cardiff / Derby / Sheffield Wednesday Jimmy Gill
0%
123 Leeds / Stoke / Man United Jimmy Greenhoff
0%
101 Sunderland Jimmy Millar
0%
113 Everton / Bury / Bolton Jimmy Settle
0%
167 Aston Villa Joe Bache
0%
136 Arsenal / Nottingham Forest / Sunderland Joe Baker
0%
248 Birmingham Joe Bradford
0%
143 Man City Joe Hayes
0%
113 Arsenal / Blackburn Joe Hulme
0%
109 Sheffield United Joe Kitchen
0%
106 Man United Joe Spence
0%
105 Burnley / Man United John Connelly
0%
135 Sheffield Wednesday John Fantham
0%
157 Wolves Johnny Hancocks
0%
112 Arsenal John Radford
0%
169 Stoke / Sheffield Wednesday John Ritchie
0%
124 Sheffield Wednesday Mark Hooper
0%
147 Middlesbrough Mickey Fenton
0%
118 Grimsby Pat Glover
0%
103 Notts County / Tottenham / Chelsea Percy Humphreys
0%
161 Liverpool / Everton / Newcastle / Bolton Peter Beardsley
0%
128 Wolves Peter Broadbent
0%
172 Stoke / Blackburn / Man City Peter Dobing
0%
162 Aston Villa / Wolves Pongo Waring
0%
152 Sunderland / Derby Raich Carter
0%
190 Blackpool Ray Charnley
0%
130 Portsmouth / Ipswich / Wolves / West Brom Ray Crawford
0%
106 Arsenal / Liverpool / Swansea Ray Kennedy
0%
118 Burnley Ray Pointer
0%
103 Arsenal Reg Lewis
0%
131 Chelsea / Fulham Roy Bentley
0%
108 Wolves Roy Swinbourne
0%
144 Blackburn / Everton / Stoke Roy Vernon
0%
123 Derby / Liverpool / Sunderland / Arsenal Sam Raybould
0%
131 Man United / Man City Sandy Turnbull
0%
197 Blackpool Stan Mortensen
0%
124 Arsenal Ted Drake
0%
133 Blackburn / Sheffield Wednesday Ted Harper
0%
164 Preston Tom Finney
0%
148 Everton / Man City Tommy Browell
0%
108 Everton / Chelsea / Arsenal Tommy Lawton
0%
188 Preston / Aston Villa / Newcastle Tommy Thompson
0%
165 Aston Villa / Sunderland / Cardiff Trevor Ford
0%
100 Middlesbrough Wilf Mannion
0%
118 Bolton Willie Moir
0%
No matching quizzes found
Score Distribution
Percent of People with Each Score
Percentile by Number Answered
Your Score History
You have not taken this quiz since the last reset